[Event "IECG WC.2002.S.00008 email"]
[Site "IECG email"]
[Date "2000.??.??"]
[Round "?"]
[White "Weber, Karlheinz"]
[Black "Fanghui Feng, David"]
[Result "1-0"]
[WhiteElo "2386"]
[BlackElo "2023"]
[PlyCount "101"]
[EventDate "2000.03.10"]
[EventType "tourn (corr)"]
[EventRounds "8"]
[SourceTitle "Corr 2008"]
[Source "ChessBase"]
[SourceDate "2008.06.24"]
[SourceVersion "1"]
[SourceVersionDate "2008.06.24"]
[SourceQuality "1"]

1. d4 d5 2. c4 e6 3. Nc3 c6 4. Nf3 dxc4 5. a4 Bb4 6. e3 b5 7. Bd2 a5 8. axb5 Bxc3 9. Bxc3 cxb5 10. b3 Bb7 11. d5 Nf6 12. bxc4 b4 13. Bxf6 Qxf6 14. Qa4+ Nd7 15. Nd4 e5 16. Nb3 e4 17. Nd4 Qd6 18. c5 Qxc5 19. Bb5 Qc3+ 20. Kd1 Qc7 21. Rc1 Qd6 22. Ke2 Qxd5 23. Rc7 Bc8 24. Rhc1 Qh5+ 25. Kd2 0-0 26. Bxd7 Bxd7 27. Qxd7 Qxh2 28. Rc8 h6 29. Rxa8 Rxa8 30. Rc8+ Rxc8 31. Qxc8+ Kh7 32. Qf5+ Kg8 33. Qxe4 g6 34. f4 Qg1 35. Ke2 Qh1 36. f5 Kh7 37. fxg6+ fxg6 38. Qe7+ Kg8 39. Qe8+ Kg7 40. Ne6+ Kf6 41. Nf4 Qb1 42. Qf8+ Ke5 43. Qe7+ Kf5 44. Kf3 Qf1+ 45. Kg3 Qc4 46. Kh3 h5 47. Qe8 Kf6 48. e4 Kg7 49. Ne6+ Kf6 50. Qh8+ Kf7 51. Qf8+ 1-0

[Event "IECG CP.1998.Q.00018"]
[Site "IECG email"]
[Date "1999.??.??"]
[Round "?"]
[White "Fanghui Feng, David"]
[Black "Daurelle, Herve"]
[Result "0-1"]
[WhiteElo "1989"]
[BlackElo "2266"]
[PlyCount "78"]
[EventDate "1999.10.01"]
[EventType "tourn (corr)"]
[EventRounds "9"]
[EventCountry "USA"]
[SourceTitle "Corr 2008"]
[Source "ChessBase"]
[SourceDate "2008.06.24"]
[SourceVersion "1"]
[SourceVersionDate "2008.06.24"]
[SourceQuality "1"]

1. e4 e5 2. Nf3 Nc6 3. Bb5 a6 4. Ba4 Nf6 5. 0-0 Be7 6. Qe2 b5 7. Bb3 0-0 8. c3 d6 9. d4 Bg4 10. d5 Na5 11. Bc2 c6 12. h3 Bh5 13. dxc6 Qc8 14. Rd1 Qxc6 15. a4 h6 16. b3 Nb7 17. Bb2 Nc5 18. axb5 axb5 19. Nbd2 Rfc8 20. Re1 Rxa1 21. Rxa1 Bd8 22. Qe3 Bg6 23. Re1 Ra8 24. Bb1 Bb6 25. Qe2 Ne6 26. Nh4 Nf4 27. Qf3 Bh5 28. Qg3 Ne2+ 29. Rxe2 Bxe2 30. Nf5 Nh5 31. Qxg7+ Nxg7 32. Ne7+ Kf8 33. Nxc6 Ne6 34. Nb4 Nf4 35. Nd5 Nxd5 36. exd5 Ke7 37. g3 h5 38. Kg2 f5 39. Bxf5 Rf8 0-1

[Event "IECG CP.1998.Q.00018"]
[Site "IECG email"]
[Date "1999.??.??"]
[Round "?"]
[White "Fanghui Feng, David"]
[Black "Linklater, Lloyd"]
[Result "1-0"]
[WhiteElo "1989"]
[BlackElo "1908"]
[PlyCount "81"]
[EventDate "1999.10.01"]
[EventType "tourn (corr)"]
[EventRounds "9"]
[EventCountry "USA"]
[SourceTitle "Corr 2008"]
[Source "ChessBase"]
[SourceDate "2008.06.24"]
[SourceVersion "1"]
[SourceVersionDate "2008.06.24"]
[SourceQuality "1"]

1. e4 e5 2. Nc3 Nf6 3. Bc4 Nc6 4. d3 Na5 5. Nge2 c6 6. Bb3 d5 7. exd5 Nxb3 8. axb3 cxd5 9. d4 e4 10. Bg5 Be7 11. Nf4 Bg4 12. Qd2 Ng8 13. Bxe7 Nxe7 14. f3 exf3 15. 0-0 0-0 16. gxf3 Be6 17. Rae1 Qd6 18. Re5 Nc6 19. Re2 Kh8 20. Rfe1 Bf5 21. Nb5 Qd8 22. c3 Rc8 23. b4 Qd7 24. Na3 a6 25. b5 axb5 26. Nxb5 Ra8 27. Nxd5 Qxd5 28. Nc7 Qa5 29. Nxa8 Qxa8 30. d5 Na7 31. Qf4 Bg6 32. c4 Qd8 33. Re7 Nc8 34. Rxb7 Nd6 35. Rb3 Nf5 36. c5 Kg8 37. d6 Qc8 38. Rc3 Qc6 39. b4 Qd5 40. b5 Nd4 41. Re5 1-0

[Event "IECG CP.1998.Q.00018"]
[Site "IECG email"]
[Date "1999.??.??"]
[Round "?"]
[White "Martin, Antonio C"]
[Black "Fanghui Feng, David"]
[Result "1/2-1/2"]
[WhiteElo "2113"]
[BlackElo "1989"]
[PlyCount "44"]
[EventDate "1999.10.01"]
[EventType "tourn (corr)"]
[EventRounds "9"]
[EventCountry "USA"]
[SourceTitle "Corr 2008"]
[Source "ChessBase"]
[SourceDate "2008.06.24"]
[SourceVersion "1"]
[SourceVersionDate "2008.06.24"]
[SourceQuality "1"]

1. d4 e6 2. Nf3 d5 3. Bg5 Nf6 4. e3 c5 5. Nbd2 Be7 6. c3 0-0 7. Bd3 h6 8. Bxf6 Bxf6 9. dxc5 Nd7 10. b4 Bxc3 11. Rb1 a5 12. a3 axb4 13. axb4 Qf6 14. 0-0 e5 15. Rb3 Bxd2 16. Nxd2 b6 17. Qc2 Bb7 18. Bh7+ Kh8 19. Bf5 Rfd8 20. Bxd7 e4 21. Qb2 Qxb2 22. Rxb2 bxc5 1/2-1/2

[Event "IECG C1.1999.0.00231"]
[Site "IECG email"]
[Date "1998.08.31"]
[Round "?"]
[White "Trani, Francesco"]
[Black "Fanghui Feng, David"]
[Result "1/2-1/2"]
[WhiteElo "1994"]
[BlackElo "1981"]
[PlyCount "59"]
[EventDate "1999.08.31"]
[EventType "tourn (corr)"]
[EventRounds "6"]
[SourceTitle "Corr 2008"]
[Source "ChessBase"]
[SourceDate "2008.06.24"]
[SourceVersion "1"]
[SourceVersionDate "2008.06.24"]
[SourceQuality "1"]

1. d4 e6 2. e4 d5 3. Nd2 Nf6 4. e5 Nfd7 5. f4 c5 6. c3 Nc6 7. Ndf3 Qb6 8. h4 cxd4 9. cxd4 Bb4+ 10. Kf2 f6 11. Be3 Be7 12. Qd2 fxe5 13. fxe5 0-0 14. Nh3 Bb4 15. Qd3 Ba5 16. b3 Ndxe5 17. dxe5 Nxe5 18. Bxb6 Nxd3+ 19. Bxd3 Bxb6+ 20. Kg3 Bc7+ 21. Kf2 e5 22. Nhg5 Bb6+ 23. Kg3 e4 24. Nxe4 Bf5 25. Rhe1 Bc7+ 26. Kf2 Ba5 27. Re2 Bb6+ 28. Kf1 dxe4 29. Bxe4 Bxe4 30. Rxe4 1/2-1/2

[Event "IECG CP.1998.P.00030"]
[Site "IECG email"]
[Date "1998.??.??"]
[Round "?"]
[White "De Oliveira, Marcio Barbosa"]
[Black "Fanghui Feng, David"]
[Result "1/2-1/2"]
[WhiteElo "2290"]
[BlackElo "1759"]
[PlyCount "77"]
[EventDate "1998.10.01"]
[EventType "tourn (corr)"]
[EventRounds "6"]
[SourceTitle "Corr 2008"]
[Source "ChessBase"]
[SourceDate "2008.06.24"]
[SourceVersion "1"]
[SourceVersionDate "2008.06.24"]
[SourceQuality "1"]

1. e4 c5 2. Nf3 Nc6 3. d4 cxd4 4. Nxd4 Nf6 5. Nc3 d6 6. Bg5 e6 7. Qd2 a6 8. 0-0-0 Bd7 9. f4 h6 10. Bh4 g5 11. fxg5 Ng4 12. g3 hxg5 13. Nxc6 bxc6 14. Bxg5 f6 15. Qe2 fxg5 16. Qxg4 Qb6 17. Bc4 d5 18. exd5 cxd5 19. Bb3 0-0-0 20. Kb1 Be7 21. Ba4 Bf6 22. Rd3 Kb8 23. Bxd7 Rxd7 24. Na4 Qc6 25. Rb3+ Rb7 26. Rxb7+ Kxb7 27. Qb4+ Kc7 28. h4 gxh4 29. gxh4 d4 30. Qc5 Rh5 31. Qa7+ Qb7 32. Qxb7+ Kxb7 33. c3 dxc3 34. Nxc3 Rxh4 35. Rxh4 Bxh4 36. Ne4 Kc6 37. Kc2 Kd5 38. Kd3 Be7 39. Nc3+ 1/2-1/2

[Event "IECG CP.1997.S.00003"]
[Site "IECG email"]
[Date "1998.??.??"]
[Round "?"]
[White "Fanghui Feng, David"]
[Black "Laurent, Claude"]
[Result "1-0"]
[WhiteElo "1770"]
[BlackElo "2107"]
[PlyCount "97"]
[EventDate "1998.11.20"]
[EventType "tourn (corr)"]
[EventRounds "10"]
[SourceTitle "Corr 2008"]
[Source "ChessBase"]
[SourceDate "2008.06.24"]
[SourceVersion "1"]
[SourceVersionDate "2008.06.24"]
[SourceQuality "1"]

1. e4 e5 2. Nf3 Nf6 3. d4 Nxe4 4. Bd3 d5 5. Nxe5 Nd7 6. Nxd7 Bxd7 7. 0-0 Qh4 8. c4 0-0-0 9. c5 g6 10. Nc3 Bg7 11. Ne2 Rhe8 12. Qe1 h6 13. Qa5 Kb8 14. Bf4 Rc8 15. Qb4 Re6 16. f3 Nf6 17. g3 Qh5 18. Be5 g5 19. Kh1 Rc6 20. Qd2 Bh8 21. g4 Bxg4 22. fxg4 Nxg4 23. Ng3 Qxh2+ 24. Qxh2 Nxh2 25. Kxh2 f6 26. Bf4 gxf4 27. Rxf4 f5 28. Re1 Rf6 29. Nxf5 Rcf8 30. Re7 b6 31. Rd7 R6f7 32. Rxf7 Rxf7 33. Rg4 Kb7 34. Rg8 Rxf5 35. Bxf5 Bxd4 36. cxb6 axb6 37. b3 Be3 38. Rg6 c5 39. Kg3 Ka6 40. Rd6 d4 41. Bd3+ Ka5 42. a3 Bc1 43. b4+ cxb4 44. axb4+ Kxb4 45. Rxd4+ Kc3 46. Rd6 Be3 47. Be2 Kb4 48. Re6 Bd4 49. Rxh6 1-0

[Event "IECG CP.1997.S.00003"]
[Site "IECG email"]
[Date "1998.??.??"]
[Round "?"]
[White "Fredriksen, Arild"]
[Black "Fanghui Feng, David"]
[Result "1-0"]
[WhiteElo "1979"]
[BlackElo "1770"]
[PlyCount "129"]
[EventDate "1998.11.20"]
[EventType "tourn (corr)"]
[EventRounds "10"]
[SourceTitle "Corr 2008"]
[Source "ChessBase"]
[SourceDate "2008.06.24"]
[SourceVersion "1"]
[SourceVersionDate "2008.06.24"]
[SourceQuality "1"]

1. d4 d5 2. c4 e6 3. Nc3 Nf6 4. Nf3 c5 5. cxd5 Nxd5 6. g3 Nxc3 7. bxc3 Nc6 8. Bg2 Be7 9. 0-0 0-0 10. Rb1 Qa5 11. Qc2 Rd8 12. Bg5 Bxg5 13. Nxg5 g6 14. Qc1 cxd4 15. Bxc6 bxc6 16. Qf4 Qf5 17. Qh4 Ba6 18. Qxh7+ Kf8 19. Qh6+ Ke7 20. cxd4 Rxd4 21. e4 Qe5 22. Rfc1 Rd7 23. Rxc6 Rh8 24. Nh7 Bd3 25. Re1 Bb5 26. Rc2 Bd3 27. Rd2 Rc8 28. Qh4+ f6 29. Red1 Rcd8 30. Qh6 f5 31. Qxg6 fxe4 32. Ng5 Qf5 33. Qg7+ Ke8 34. Qh6 Ke7 35. Re1 e5 36. Nxe4 Bxe4 37. Qh4+ Kf7 38. Rxd7+ Rxd7 39. Qxe4 Qxe4 40. Rxe4 Kf6 41. h4 Rd6 42. Kg2 Ra6 43. a4 Kf5 44. Rc4 e4 45. f3 exf3+ 46. Kxf3 Kg6 47. g4 Rb6 48. Kg3 Rb3+ 49. Kf4 Rb7 50. h5+ Kh6 51. Rc6+ Kh7 52. h6 Rb4+ 53. Kg5 Rb7 54. Kh5 Rd7 55. a5 Rd5+ 56. g5 a6 57. Rxa6 Kh8 58. Kg6 Rd8 59. Rb6 Rg8+ 60. Kf6 Rf8+ 61. Ke7 Rc8 62. g6 Rc7+ 63. Kd6 Rc8 64. a6 Rg8 65. Ke7 1-0

[Event "IECG CP.1998.P.00030"]
[Site "IECG email"]
[Date "1998.??.??"]
[Round "?"]
[White "Vnukov, Denis"]
[Black "Fanghui Feng, David"]
[Result "0-1"]
[WhiteElo "800"]
[BlackElo "1759"]
[PlyCount "78"]
[EventDate "1998.10.01"]
[EventType "tourn (corr)"]
[EventRounds "6"]
[SourceTitle "Corr 2024"]
[Source "ChessBase"]
[SourceDate "2023.10.19"]
[SourceVersion "1"]
[SourceVersionDate "2023.10.19"]
[SourceQuality "1"]

1. d4 Nf6 2. c4 c5 3. d5 e5 4. Nc3 d6 5. e4 Be7 6. Bd3 0-0 7. Nge2 Nh5 8. Qc2 Na6 9. a3 Bg5 10. 0-0 Bxc1 11. Rfxc1 Qg5 12. g3 Nf6 13. Kg2 b6 14. Rab1 Nc7 15. b4 cxb4 16. axb4 Bd7 17. Nb5 Nxb5 18. cxb5 Rfc8 19. Qd1 Qh5 20. Ng1 Qxd1 21. Rxd1 Ne8 22. Ne2 Nc7 23. Nc3 f6 24. Rbc1 Kf8 25. Ra1 a6 26. bxa6 Nxa6 27. Na4 Nxb4 28. Nxb6 Rxa1 29. Rxa1 Rc7 30. Nxd7+ Rxd7 31. Be2 Rc7 32. Rb1 Nc2 33. Rb2 Ke7 34. Ba6 g6 35. g4 h6 36. Rb7 Rxb7 37. Bxb7 Nb4 38. Bc8 Kd8 39. Be6 Nd3 0-1

[Event "IECG CP.1997.P.00015"]
[Site "IECG email"]
[Date "1997.??.??"]
[Round "?"]
[White "Fredriksen, Arild"]
[Black "Fanghui Feng, David"]
[Result "1/2-1/2"]
[WhiteElo "1800"]
[BlackElo "1400"]
[PlyCount "137"]
[EventDate "1997.10.27"]
[EventType "tourn (corr)"]
[EventRounds "8"]
[SourceTitle "Corr 2008"]
[Source "ChessBase"]
[SourceDate "2008.06.24"]
[SourceVersion "1"]
[SourceVersionDate "2008.06.24"]
[SourceQuality "1"]

1. d4 Nf6 2. c4 c5 3. d5 b5 4. Nf3 bxc4 5. Nc3 d6 6. e4 g6 7. Bxc4 Bg7 8. e5 dxe5 9. Nxe5 0-0 10. 0-0 Ne8 11. Bf4 Nd6 12. b3 Bxe5 13. Bxe5 Nd7 14. Bf4 Nxc4 15. bxc4 Nb6 16. Qb3 Ba6 17. Nb5 Qd7 18. Rab1 Bxb5 19. Qxb5 Qxb5 20. Rxb5 Nxc4 21. Bc7 Nd6 22. Rxc5 Rfc8 23. Re1 Kf8 24. Rc6 Ne8 25. Bf4 Rd8 26. Bh6+ Kg8 27. Rxe7 Rxd5 28. h4 a5 29. Kh2 Rad8 30. Bg5 R5d7 31. Rxd7 Rxd7 32. Ra6 f6 33. Be3 Rd5 34. Ra8 Kf7 35. g3 h5 36. Ra7+ Ke6 37. Bb6 Rb5 38. Ra6 a4 39. Bd4+ Nd6 40. a3 Rb3 41. Bc5 Rd3 42. Kg2 Rd5 43. Be3 g5 44. hxg5 fxg5 45. Rxa4 g4 46. Ra6 Kf5 47. Rc6 Ke4 48. Bf4 Nb5 49. Bc1 Nd4 50. Rc3 Nf3 51. Be3 Rd6 52. a4 Ra6 53. Ra3 Ne1+ 54. Kf1 Nc2 55. Rc3 Nxe3+ 56. Rxe3+ Kd4 57. Rb3 Rxa4 58. Rb5 Ke4 59. Rxh5 Rc4 60. Rb5 Ra4 61. Kg2 Kd4 62. Rf5 Kd3 63. Re5 Ra6 64. f4 Rb6 65. Re1 Kd4 66. Kf2 Rb8 67. Re2 Rb3 68. Rd2+ Ke4 69. Rc2 1/2-1/2